000 00597 a2200181 4500
003 Nust
005 20170207154046.0
020 _a1-893115-92-5
040 _cNust
100 1 _aZukowski, John
245 0 0 _aJava Collections Framework (E-Book)
_cJohn Zukowski
260 _aBerkeley, Calif. :
_bApress,
_ccop. 2001
300 _ax, 422 s.
505 _aPart I: The Historical Collection Classes Part II: The Collections Framework Part III: Alternative Collection Libraries
650 7 _aJava (Computer program language)
650 7 _aJava (Computer program language)
650 7 _aJAVA (programsprå«©
942 _2ddc
_cBK
999 _c192904
_d192904